header

Victorians in the mountains (Record no. 239577)

MARC details
000 -LEADER
fixed length control field 01740nam a2200409Ia 4500
082 04 - DEWEY DECIMAL CLASSIFICATION NUMBER
Classification number 820.9/36
100 1# - MAIN ENTRY--AUTHOR NAME
Personal name Colley, Ann C.
245 10 - TITLE STATEMENT
Title Victorians in the mountains
260 ## - PUBLICATION, DISTRIBUTION, ETC. (IMPRINT)
Place of publication Farnham, Surrey, UK ;
-- Burlington, VT :
Name of publisher Ashgate,
Year of publication c2010.
300 ## - PHYSICAL DESCRIPTION
Number of Pages ix, 253 p. :
Other physical details ill.
650 #0 - SUBJECT ADDED ENTRY--TOPICAL TERM
Topical Term English literature
Topical Term Aestheticism (Literature)
Topical Term Sublime, The, in literature.
Topical Term Nature in literature.
Topical Term Mountaineering in literature.
Topical Term Technological innovations
Topical Term Nationalism and literature
856 40 - ELECTRONIC LOCATION AND ACCESS
Uniform Resource Identifier http://site.ebrary.com/lib/rucke/Doc?id=10428218

No items available.

© 2026 Rongo University
Contact us: librarian | system librarian | Rongo university